Wirtschaftsmacht Japan : Strukturen u. Organisationen
محفوظ في:
| المؤلف الرئيسي: | |
|---|---|
| التنسيق: | كتاب |
| اللغة: | Undetermined |
| منشور في: |
Koln
Deutscher Instituts-Verlag
1980
|
| الموضوعات: | |
| الوسوم: |
إضافة وسم
لا توجد وسوم, كن أول من يضع وسما على هذه التسجيلة!
|
| Thư viện lưu trữ: | Trung tâm Học liệu Trường Đại học Cần Thơ |
|---|
| LEADER | 00553nam a2200205Ia 4500 | ||
|---|---|---|---|
| 001 | CTU_87821 | ||
| 008 | 210402s9999 xx 000 0 und d | ||
| 082 | |a 305.562 | ||
| 082 | |b K75 | ||
| 100 | |a Kobayashi, Hiroaki | ||
| 245 | 0 | |a Wirtschaftsmacht Japan : | |
| 245 | 0 | |b Strukturen u. Organisationen | |
| 245 | 0 | |c Hiroaki Kobayashi | |
| 260 | |a Koln | ||
| 260 | |b Deutscher Instituts-Verlag | ||
| 260 | |c 1980 | ||
| 650 | |a Working class | ||
| 650 | |z Japan | ||
| 904 | |i Trọng Hiếu | ||
| 980 | |a Trung tâm Học liệu Trường Đại học Cần Thơ | ||